000 00814cam a2200205 a 4500
001 000001286
005 20200929145530.0
008 800523s1945 cu 000 0 spa
040 _aDO-SdBNP
_bspa
_cBNPHU
082 _a972.91
_bC357f
110 1 _aArchivo Nacional de Cuba.
_93383
245 1 0 _aCatálogo de los fondos de la Comisión militar ejecutiva y permanente de la isla de Cuba /
_cprefacio de Emilio Roig de Leuchsenring.
260 _aLa Habana,
_c1945.
300 _axiv, 147 p. ;
_c27 cm.
490 1 _aPublicaciones del Archivo Nacional de Cuba
_vv. 8
651 0 _aCuba
_xHistoria Militar
_xFuentes
_vBIBLIOGRAFÍA
_94356
650 0 _aManuscritos
_zCuba
_vCATÁLOGOS
_94357
700 0 _aLeuchsenring, Emilio Roig de
_eprefacio
_94358
830 0 _aPublicaciones del Archivo Nacional de Cuba ;
_vv. 8
_94359
999 _c1227
_d1227